01094cam a22002891 450000100060000000300080000600500170001400800410003103500190007204000320009104100080012308200200013111100680015124501140021926000310033330000360036450000510040050400300045165000190048165000200050070000380052070000390055871000450059794200120064299900170065495201330067130418BD-RjUL20211209051548.0140409s1967 nyua b 100 0 eng  a(BD-RjUL)30503 aDLCcDLCdDLCdBD-RjULbeng aeng00a153.1bSYC 19672 aSymposium on Cognitionn(2nd :d1966 :cPittsburgh, Pa.)99243610aConcepts and the structure of memory /cEditor: Benjamin Kleinmuntz. Contributors: Lyle E. Bourne and others. aNew York :bWiley,cc1967. axiv, 286 p. :billus. ;c24 cm. aSponsored by Carnegie Institute of Technology. aBibliography: p. 263-274. 0aMemory.992432 0aConcepts.937611 aKleinmuntz, Benjamin,eed.9890741 aBourne, Lyle Eugene,d1932-9924332 aCarnegie Institute of Technology.926293 2ddccBK c30418d30418 00102ddc4071aRUCLbRUCLcReadingd1971-08-06eZeitlingerg79.00l0o153.1 SYC 1967r2014-04-09 00:00:00tC-1w2014-04-09yBK